[Event "AICF Women GM 2018"]
[Site "Mumbai"]
[Date "2018.06.16"]
[Round "7"]
[White "Rakshitta Ravi"]
[Black "Tomilova, Elena"]
[Result "0-1"]
[WhiteElo "2067"]
[BlackElo "2334"]
[Annotator "NA"]
[PlyCount "134"]
[EventDate "2018.??.??"]
[EventType "tourn"]
[EventCountry "IND"]
[SourceTitle "playchess.com"]
[Source "ChessBase"]
[SourceQuality "1"]
[TimeControl "40/5400+30:1800+30"]

1. e4 {[%emt 0:01:30]} c6 {[%emt 0:00:08]} 2. d4 {[%emt 0:00:15]} d5 {[%emt 0:00:06]} 3. Nc3 {[%emt 0:00:07]} dxe4 {[%emt 0:00:11]} 4. Nxe4 {[%emt 0:00:09]} Bf5 {[%emt 0:00:20]} 5. Ng3 {[%emt 0:00:01]} Bg6 {[%emt 0:00:06]} 6. h4 {[%emt 0:00:10]} h6 {[%emt 0:00:08]} 7. Nh3 {[%emt 0:00:03]} Nf6 {[%emt 0:02:38]} 8. Nf4 {[%emt 0:00:50]} Bh7 {[%emt 0:00:09]} 9. Bc4 {[%emt 0:00:10]} e6 {[%emt 0:00:59]} 10. O-O {[%emt 0:00:17]} Bd6 {[%emt 0:04:23]} 11. Re1 {[%emt 0:01:01]} O-O {[%emt 0:01:27]} 12. c3 {[%emt 0:00:27]} Na6 {[%emt 0:10:36]} 13. Ngh5 {[%emt 0:02:54]} Nc7 {[%emt 0:02:25]} 14. g3 {[%emt 0:29:54]} Ncd5 {[%emt 0:02:57]} 15. Qf3 {[%emt 0:08:45]} Nxf4 {[%emt 0:22:53]} 16. Bxf4 {[%emt 0:02:33]} Bxf4 {[%emt 0:05:20]} 17. Nxf4 {[%emt 0:00:38]} Qb6 {[%emt 0:02:25]} 18. Nd3 {[%emt 0:13:55]} Bf5 {[%emt 0:04:28]} 19. Ne5 {[%emt 0:08:51]} h5 {[%emt 0:06:00]} 20. Qe2 {[%emt 0:01:59]} Rad8 {[%emt 0:01:57]} 21. Rad1 {[%emt 0:03:15]} c5 {[%emt 0:01:01]} 22. dxc5 {[%emt 0:02:12]} Qxc5 {[%emt 0:00:11]} 23. Qf3 {[%emt 0:07:47]} Ng4 {[%emt 0:20:38]} 24. Rxd8 {[%emt 0:03:08]} Rxd8 {[%emt 0:00:12]} 25. Nxg4 {[%emt 0:09:58]} Bxg4 {[%emt 0:00:12]} 26. Qf4 {[%emt 0:00:16]} Qb6 {[%emt 0:00:20]} 27. b3 {[%emt 0:01:40]} Qc6 {[%emt 0:00:26]} 28. Qe4 {[%emt 0:00:43]} Qd7 {[%emt 0:01:29]} 29. Be2 {[%emt 0:00:24]} Bf5 {[%emt 0:03:47]} 30. Qe3 {[%emt 0:00:05]} Qc6 {[%emt 0:00:17]} 31. Bf3 {[%emt 0:00:56]} Qa6 {[%emt 0:00:01]} 32. Qe2 {[%emt 0:00:34]} Qa5 {[%emt 0:01:29]} 33. b4 {[%emt 0:00:28]} Qa3 {[%emt 0:00:37]} 34. Qc4 {[%emt 0:00:33]} g6 {[%emt 0:03:13]} 35. Bxb7 {[%emt 0:00:30]} Rd3 {[%emt 0:01:15]} 36. Be4 {[%emt 0:00:29]} Rxc3 {[%emt 0:00:28]} 37. Qb5 {[%emt 0:00:32]} Rxg3+ {[%emt 0:01:12]} 38. fxg3 {[%emt 0:00:24]} Qxg3+ {[%emt 0:00:01]} 39. Kf1 {[%emt 0:00:31]} Bxe4 {[%emt 0:00:54]} 40. Rxe4 {[%emt 0:00:31]} Qf3+ {[%emt 0:30:07]} 41. Kg1 {[%emt 0:00:48]} Qxe4 {[%emt 0:00:00]} 42. Qb8+ {[%emt 0:01:14]} Kg7 {[%emt 0:00:00]} 43. Qxa7 {[%emt 0:00:14]} Qxb4 {[%emt 0:00:00]} 44. a4 {[%emt 0:00:01]} Qe1+ {[%emt 0:00:00]} 45. Kg2 {[%emt 0:00:12]} Qe2+ {[%emt 0:00:00]} 46. Kg1 {[%emt 0:02:14]} Qg4+ {[%emt 0:00:00]} 47. Kf1 {[%emt 0:00:20]} Qf3+ {[%emt 0:00:00]} 48. Kg1 {[%emt 0:00:56]} e5 {[%emt 0:00:00]} 49. a5 {[%emt 0:00:40]} e4 {[%emt 0:00:00]} 50. a6 {[%emt 0:00:02]} Qg3+ {[%emt 0:00:00]} 51. Kh1 {[%emt 0:00:56]} Qxh4+ {[%emt 0:00:00]} 52. Kg1 {[%emt 0:00:25]} Qe1+ {[%emt 0:00:00]} 53. Kh2 {[%emt 0:00:27]} Qd2+ {[%emt 0:00:00]} 54. Kh3 {[%emt 0:01:35]} e3 {[%emt 0:00:00]} 55. Qe7 {[%emt 0:01:00]} e2 {[%emt 0:00:00]} 56. Qe5+ {[%emt 0:00:59]} Kh7 {[%emt 0:00:00]} 57. a7 {[%emt 0:00:03]} e1=R {[%emt 0:00:00]} 58. Qxe1 {[%emt 0:00:57]} Qxe1 {[%emt 0:00:00]} 59. a8=Q {[%emt 0:00:05]} Qe3+ {[%emt 0:00:00]} 60. Kh2 {[%emt 0:00:03]} Qf4+ {[%emt 0:00:00]} 61. Kh1 {[%emt 0:00:10]} g5 {[%emt 0:00:00]} 62. Qc6 {[%emt 0:00:14]} g4 {[%emt 0:00:00]} 63. Qc2+ {[%emt 0:00:04]} Kg7 {[%emt 0:00:00]} 64. Qb2+ {[%emt 0:00:07]} Qf6 {[%emt 0:00:00]} 65. Qd2 {[%emt 0:00:27]} h4 {[%emt 0:00:00]} 66. Qd7 {[%emt 0:00:33]} Qf1+ {[%emt 0:00:00]} 67. Kh2 {[%emt 0:00:02]} g3# {[%emt 0:00:00]} 0-1

[Event "AICF Women GM 2018"]
[Site "Mumbai"]
[Date "2018.06.17"]
[Round "8"]
[White "Tokhirjonova, Gulrukhbegim"]
[Black "Monnisha G K"]
[Result "0-1"]
[WhiteElo "2379"]
[BlackElo "2295"]
[Annotator "ChessBase"]
[PlyCount "156"]
[EventDate "2018.??.??"]
[EventType "tourn"]
[EventCountry "IND"]
[SourceTitle "playchess.com"]
[Source "ChessBase"]
[SourceQuality "1"]
[TimeControl "40/5400+30:1800+30"]

1. e4 {[%emt 0:00:53]} e5 {[%emt 0:00:10]} 2. Nf3 {[%emt 0:00:07]} Nc6 {[%emt 0:00:06]} 3. Bc4 {[%emt 0:00:10]} Nf6 {[%emt 0:00:07]} 4. Ng5 {[%emt 0:00:11]} d5 {[%emt 0:00:06]} 5. exd5 {[%emt 0:00:08]} Na5 {[%emt 0:00:05]} 6. Bb5+ {[%emt 0:00:16]} c6 {[%emt 0:00:05]} 7. dxc6 {[%emt 0:00:05]} bxc6 {[%emt 0:00:04]} 8. Bd3 {[%emt 0:00:06]} Nd5 {[%emt 0:00:10]} 9. h4 {[%emt 0:01:00]} Be7 {[%emt 0:00:15]} 10. Qf3 {[%emt 0:00:34]} f5 {[%emt 0:07:18]} 11. Bxf5 {[%emt 0:07:04]} Rf8 {[%emt 0:00:57]} 12. Qh5+ {[%emt 0:00:18]} g6 {[%emt 0:00:07]} 13. Bxg6+ {[%emt 0:00:11]} hxg6 {[%emt 0:00:02]} 14. Qxg6+ {[%emt 0:00:08]} Kd7 {[%emt 0:00:05]} 15. d3 {[%emt 0:06:13]} Kc7 {[%emt 0:15:09]} 16. Bd2 {[%emt 0:05:10]} Nb7 {[%emt 0:01:59]} 17. Nc3 {[%emt 0:03:39]} Qd6 {[%emt 0:05:08]} 18. Qe4 {[%emt 0:05:56]} Nc5 {[%emt 0:04:08]} 19. Qe2 {[%emt 0:01:53]} Nf4 {[%emt 0:07:27]} 20. Bxf4 {[%emt 0:02:47]} Rxf4 {[%emt 0:00:35]} 21. g3 {[%emt 0:05:45]} Rb4 {[%emt 0:04:44]} 22. O-O-O {[%emt 0:01:45]} Rab8 {[%emt 0:28:31]} 23. Nf7 {[%emt 0:09:21]} Qf6 {[%emt 0:00:33]} 24. Qxe5+ {[%emt 0:00:46]} Qxe5 {[%emt 0:01:44]} 25. Nxe5 {[%emt 0:00:02]} Bf6 {[%emt 0:00:59]} 26. f4 {[%emt 0:01:55]} Rxb2 {[%emt 0:01:41]} 27. h5 {[%emt 0:02:44]} Bf5 {[%emt 0:03:09]} 28. Kd2 {[%emt 0:27:32]} Bxe5 {[%emt 0:05:26]} 29. fxe5 {[%emt 0:00:02]} Bxd3 {[%emt 0:01:17]} 30. Ke3 {[%emt 0:01:14]} Bxc2 {[%emt 0:00:52]} 31. Rd2 {[%emt 0:00:37]} Bh7 {[%emt 0:06:09]} 32. Rxb2 {[%emt 0:00:21]} Rxb2 {[%emt 0:00:02]} 33. Rf1 {[%emt 0:00:08]} Bg8 {[%emt 0:00:11]} 34. Rf8 {[%emt 0:04:12]} Be6 {[%emt 0:00:55]} 35. Kd4 {[%emt 0:04:34]} Rb4+ {[%emt 0:01:07]} 36. Ke3 {[%emt 0:00:01]} Rg4 {[%emt 0:01:03]} 37. Kf2 {[%emt 0:02:55]} Nd3+ {[%emt 0:00:59]} 38. Kg2 {[%emt 0:00:03]} Rg7 {[%emt 0:01:36]} 39. Rf6 {[%emt 0:01:01]} Kd7 {[%emt 0:01:16]} 40. h6 {[%emt 0:02:50]} Rh7 {[%emt 0:32:31]} 41. g4 {[%emt 0:30:16]} Nxe5 {[%emt 0:00:00]} 42. g5 {[%emt 0:00:00]} Rf7 {[%emt 0:00:00]} 43. Rf2 {[%emt 0:00:00]} Bd5+ {[%emt 0:00:00]} 44. Kg3 {[%emt 0:00:00]} Rxf2 45. Kxf2 {[%emt 0:00:00]} Nf7 {[%emt 0:00:00]} 46. h7 {[%emt 0:00:00]} Nh8 {[%emt 0:00:00]} 47. Ke3 {[%emt 0:00:00]} Kd6 {[%emt 0:00:00]} 48. Kf4 {[%emt 0:00:00]} Ke6 {[%emt 0:00:00]} 49. a3 {[%emt 0:00:00]} Bb3 {[%emt 0:00:00]} 50. Ne4 {[%emt 0:00:00]} Bc2 {[%emt 0:00:00]} 51. Nf6 {[%emt 0:00:00]} Nf7 {[%emt 0:00:00]} 52. Ke3 {[%emt 0:00:00]} Kd6 {[%emt 0:00:00]} 53. Kd4 {[%emt 0:00:00]} c5+ {[%emt 0:00:00]} 54. Kc4 {[%emt 0:00:00]} Nh8 {[%emt 0:00:00]} 55. Ne8+ {[%emt 0:00:00]} Kc6 {[%emt 0:00:00]} 56. Nf6 {[%emt 0:00:00]} Bf5 {[%emt 0:00:00]} 57. Kc3 {[%emt 0:00:00]} Kb5 {[%emt 0:00:00]} 58. Kb3 {[%emt 0:00:00]} c4+ {[%emt 0:00:00]} 59. Kc3 {[%emt 0:00:00]} Kc5 {[%emt 0:00:00]} 60. Ne8 {[%emt 0:00:00]} Bxh7 {[%emt 0:00:00]} 61. Nc7 {[%emt 0:00:00]} Bd3 {[%emt 0:00:00]} 62. Ne6+ {[%emt 0:00:00]} Kb5 {[%emt 0:00:00]} 63. Nf4 {[%emt 0:00:00]} Ka4 {[%emt 0:00:00]} 64. Kb2 {[%emt 0:01:34]} Ng6 {[%emt 0:00:00]} 65. Ne6 {[%emt 0:01:09]} Kb5 {[%emt 0:00:00]} 66. Kc3 {[%emt 0:01:31]} Ne5 {[%emt 0:00:00]} 67. Nf4 {[%emt 0:01:44]} Ka4 {[%emt 0:00:00]} 68. Kb2 {[%emt 0:00:16]} Bh7 {[%emt 0:02:12]} 69. Ne6 {[%emt 0:00:21]} Bg8 {[%emt 0:00:50]} 70. Nc5+ {[%emt 0:01:40]} Kb5 {[%emt 0:00:06]} 71. Ne4 {[%emt 0:00:05]} Bh7 {[%emt 0:01:18]} 72. Nf6 {[%emt 0:00:29]} Bg6 {[%emt 0:00:12]} 73. Nd5 {[%emt 0:00:50]} Kc5 {[%emt 0:00:06]} 74. Nc7 {[%emt 0:01:47]} Kd4 {[%emt 0:00:32]} 75. Nb5+ {[%emt 0:01:27]} Kd3 {[%emt 0:00:06]} 76. Nxa7 {[%emt 0:00:23]} c3+ {[%emt 0:00:04]} 77. Kc1 {[%emt 0:00:03]} Kc4 {[%emt 0:00:13]} 78. Nc8 {[%emt 0:00:38]} Kb3 {[%emt 0:00:08]} 0-1

[Event "AICF Women GM 2018"]
[Site "Mumbai"]
[Date "2018.06.17"]
[Round "8"]
[White "Vo, Thi Kim Phung"]
[Black "Srija, Seshadri"]
[Result "1/2-1/2"]
[WhiteElo "2376"]
[BlackElo "2207"]
[Annotator "ChessBase"]
[PlyCount "122"]
[EventDate "2018.??.??"]
[EventType "tourn"]
[EventCountry "IND"]
[SourceTitle "playchess.com"]
[Source "ChessBase"]
[SourceQuality "1"]
[TimeControl "40/5400+30:1800+30"]

1. d4 {[%emt 0:00:00]} d5 {[%emt 0:00:37]} 2. c4 {[%emt 0:00:17]} e6 {[%emt 0:00:06]} 3. Nc3 {[%emt 0:00:05]} c6 {[%emt 0:00:06]} 4. e4 {[%emt 0:00:09]} dxe4 {[%emt 0:00:08]} 5. Nxe4 {[%emt 0:00:06]} Bb4+ {[%emt 0:00:07]} 6. Nc3 {[%emt 0:00:11]} c5 {[%emt 0:02:50]} 7. a3 {[%emt 0:00:29]} Ba5 {[%emt 0:01:00]} 8. Nge2 {[%emt 0:01:07]} cxd4 {[%emt 0:08:29]} 9. Qxd4 {[%emt 0:00:15]} Qxd4 {[%emt 0:00:19]} 10. Nxd4 {[%emt 0:00:07]} Bxc3+ {[%emt 0:03:38]} 11. bxc3 {[%emt 0:00:39]} a6 {[%emt 0:00:17]} 12. Be2 {[%emt 0:04:48]} Ne7 {[%emt 0:02:44]} 13. Be3 {[%emt 0:05:52]} Nbc6 {[%emt 0:03:42]} 14. Nxc6 {[%emt 0:04:20]} Nxc6 {[%emt 0:00:21]} 15. Bc5 {[%emt 0:00:44]} Bd7 {[%emt 0:09:11]} 16. Rb1 {[%emt 0:03:25]} Nd8 {[%emt 0:02:19]} 17. O-O {[%emt 0:01:20]} Bc6 {[%emt 0:02:06]} 18. Rfe1 {[%emt 0:05:17]} Rc8 {[%emt 0:02:16]} 19. Bd6 {[%emt 0:00:54]} f6 {[%emt 0:03:36]} 20. c5 {[%emt 0:02:53]} Bd5 {[%emt 0:03:08]} 21. Rbd1 {[%emt 0:06:29]} Bb3 {[%emt 0:11:46]} 22. Rd2 {[%emt 0:01:40]} Nf7 {[%emt 0:16:30]} 23. c4 {[%emt 0:15:21]} Nxd6 {[%emt 0:06:48]} 24. cxd6 {[%emt 0:04:00]} Kd7 {[%emt 0:08:25]} 25. Rb2 {[%emt 0:13:27]} Bxc4 {[%emt 0:00:12]} 26. Bxc4 {[%emt 0:00:44]} Rxc4 {[%emt 0:00:02]} 27. Rxb7+ {[%emt 0:00:02]} Kxd6 {[%emt 0:00:39]} 28. Rb6+ {[%emt 0:00:20]} Rc6 {[%emt 0:02:51]} 29. Rxe6+ {[%emt 0:00:28]} Kxe6 {[%emt 0:00:02]} 30. Rxc6+ {[%emt 0:00:04]} Kf7 {[%emt 0:00:13]} 31. Rxa6 {[%emt 0:00:37]} Rb8 {[%emt 0:00:11]} 32. g3 {[%emt 0:00:27]} Rb3 {[%emt 0:00:34]} 33. Kg2 {[%emt 0:00:39]} h5 {[%emt 0:00:54]} 34. h4 {[%emt 0:02:48]} Kg6 {[%emt 0:00:17]} 35. Kf1 {[%emt 0:00:37]} Rb2 {[%emt 0:00:17]} 36. Ra7 {[%emt 0:01:37]} Kh6 {[%emt 0:00:28]} 37. Re7 {[%emt 0:01:35]} Ra2 {[%emt 0:01:25]} 38. Re3 {[%emt 0:00:36]} Kg6 {[%emt 0:01:24]} 39. Rf3 {[%emt 0:01:19]} Kf7 {[%emt 0:02:46]} 40. Ke1 {[%emt 0:00:46]} Ke6 {[%emt 0:30:18]} 41. Kd1 {[%emt 0:30:11]} g5 {[%emt 0:06:24]} 42. Kc1 {[%emt 0:01:53]} gxh4 {[%emt 0:00:00]} 43. gxh4 {[%emt 0:00:00]} Ke5 {[%emt 0:00:00]} 44. Kd1 {[%emt 0:00:00]} f5 {[%emt 0:00:00]} 45. Ke1 {[%emt 0:00:00]} Ke4 {[%emt 0:00:00]} 46. Re3+ {[%emt 0:00:00]} Kf4 {[%emt 0:00:00]} 47. Rg3 {[%emt 0:00:00]} Ke4 {[%emt 0:00:00]} 48. Kf1 {[%emt 0:00:00]} f4 {[%emt 0:00:00]} 49. Rb3 {[%emt 0:00:00]} Kf5 {[%emt 0:00:00]} 50. f3 {[%emt 0:00:00]} Ke5 {[%emt 0:00:00]} 51. Rd3 {[%emt 0:00:00]} Rb2 {[%emt 0:00:00]} 52. Ke1 {[%emt 0:00:00]} Ra2 {[%emt 0:00:00]} 53. Kd1 {[%emt 0:00:00]} Rh2 {[%emt 0:00:00]} 54. Kc1 {[%emt 0:00:00]} Rxh4 {[%emt 0:00:00]} 55. a4 {[%emt 0:00:00]} Rh1+ {[%emt 0:02:17]} 56. Kb2 {[%emt 0:00:00]} Rg1 {[%emt 0:00:44]} 57. Rd8 {[%emt 0:00:00]} Rg7 {[%emt 0:00:55]} 58. Rh8 {[%emt 0:00:00]} Kd4 {[%emt 0:00:24]} 59. Rxh5 {[%emt 0:02:01]} Ke3 {[%emt 0:00:01]} 60. a5 {[%emt 0:00:55]} Kxf3 {[%emt 0:00:17]} 61. Kc3 {[%emt 0:00:58]} Kg2 {[%emt 0:00:33]} 1/2-1/2

[Event "AICF Women GM 2018"]
[Site "Mumbai"]
[Date "2018.06.17"]
[Round "8"]
[White "Tomilova, Elena"]
[Black "Aakanksha Hagawane"]
[Result "0-1"]
[WhiteElo "2334"]
[BlackElo "2297"]
[Annotator "TA"]
[PlyCount "64"]
[EventDate "2018.??.??"]
[EventType "tourn"]
[EventCountry "IND"]
[SourceTitle "playchess.com"]
[Source "ChessBase"]
[SourceQuality "1"]

{[%evp 18,64,65,78,138,150,152,146,146,150,146,152,141,95,103,99,118,0,0,-10,-10,-8,20,0,0,-47,0,0,0,0,0,-210,-216,-1618,-1587,-1509,-1562,-2368,-1482,-29983,-688,-666,-665,-656,-655,-1545,-1508,-29998,-29999]} 1. Nf3 Nf6 2. c4 g6 3. Nc3 d5 4. cxd5 Nxd5 5. Qc2 (5. h4 Nxc3 6. dxc3 Qxd1+ 7. Kxd1 h5 8. Bf4 f6 9. Bxc7 Na6 10. Bg3 Bf5 11. Nd4 O-O-O 12. Kc1 Nc5 13. Nxf5 gxf5 {1-0 (39) Korobov,A (2678)-Sutovsky,E (2647) Poikovsky 2018}) 5... Bg7 6. e4 {A16: English Opening: 1...Nf6 with ...d5} Nb4 7. Qa4+ N8c6 8. d4 Bd7 9. Qb3 Bxd4 10. Nd5 $1 {[%cal Rd5b4] LiveBook: 5 Games} (10. Nxd4 $2 Nxd4 11. Qd1 Ndc2+ 12. Ke2 Nxa1 $19) 10... Nxd5 (10... Be6 $142) 11. exd5 $16 Na5 12. Qa3 c5 $146 ({Predecessor:} 12... Bb6) 13. Nxd4 cxd4 14. b4 {[%cal Bb2b4,Bb4a5][%mdl 32]} Qc7 15. bxa5 {And now Bb2 would win.} Qe5+ 16. Kd1 $1 O-O 17. Qb3 ({White should play} 17. Bd3 $16) 17... Rac8 18. Bd2 d3 $36 {[%mdl 2048] Black has the initiative.} 19. Rb1 $1 Qd4 20. Be3 (20. Qxb7 Ba4+ 21. Ke1 Qe5+ 22. Be3 d2+ $1 {[%mdl 512]} 23. Ke2 (23. Kxd2 Rc2+ 24. Kd3 Qf5+ 25. Kd4 e5+ 26. dxe6 Rd8+ 27. Qd7 Bxd7 28. exf7+ Qxf7 29. Bd2 Qxf2+ 30. Be3 Bh3+ 31. Ke5 Qf5#) 23... Rc1 $19) 20... Qe5 21. h3 Rc3 {[%mdl 1024] Black has compensation.} 22. Qb4 $1 {[%cal Rb4d4] Hoping for Qd4.} ({Don't blunder} 22. Qxb7 $2 Ba4+ 23. Rb3 (23. Ke1 d2+ 24. Kxd2 Rc2+ 25. Kd3 Qf5+ 26. Kd4 e5+ 27. dxe6 Rd8+ 28. Qd7 Bxd7 29. exf7+ Qxf7 30. Bg5 Bc6+ 31. Bxd8 Qf4+ 32. Kd3 Qe4#) 23... Rfc8 $19) 22... Rfc8 23. Qd4 Qd6 {Strongly threatening ...R8c4.} 24. Bd2 $2 {[#]} (24. Rxb7 R8c4 $17) ({Not} 24. Bxd3 $2 e5 $19) (24. Rb3 $11 {and White is okay.} R3c4 25. Qxd3) 24... R3c4 $1 $19 {[%cal Rc4d4]} 25. Qxa7 $2 (25. Qe3 Qxd5 26. Bxd3) 25... Ba4+ 26. Rb3 Qxd5 27. Qb6 Rc2 28. Rxd3 R2c3+ (28... Qe5 $142 29. Rd8+ Kg7 30. Rxc8 Rxc8+ 31. Qb3 Bxb3+ 32. axb3 Qa1+ 33. Ke2 Rc2 34. Ke3 Qe5+ 35. Kd3 Qf5+ 36. Ke3 Qg5+ 37. f4 Qg3+ 38. Kd4 Rxd2+ 39. Kc4 Rc2+ 40. Kd5 Rc6 41. Ke4 f5+ 42. Kd5 Qxf4 43. h4 e6#) 29. Ke1 Rxd3 30. Bxd3 Qxd3 31. Qb2 Rc2 32. Qb4 {[#]} Rc1+ $1 {[%mdl 512] Precision: White = 24%, Black = 73%.} 0-1

[Event "AICF Women GM 2018"]
[Site "Mumbai"]
[Date "2018.06.17"]
[Round "8"]
[White "Zozulia, Anna"]
[Black "Munguntuul, Batkhuyag"]
[Result "0-1"]
[WhiteElo "2314"]
[BlackElo "2410"]
[Annotator "TA"]
[PlyCount "108"]
[EventDate "2018.??.??"]
[EventType "tourn"]
[EventCountry "IND"]
[SourceTitle "playchess.com"]
[Source "ChessBase"]
[SourceQuality "1"]

{[%evp 23,108,7,7,0,0,-34,7,10,1,3,9,-4,-6,-19,-19,-19,-17,-20,-18,-16,-16,-22,0,-14,-11,-17,0,-27,-32,-17,0,-41,-50,-40,-39,-99,-92,-108,-86,-78,-21,-22,-19,-21,-12,-21,-12,-8,-8,-7,8,-15,-15,-257,-241,-313,-311,-297,-307,-307,-307,-296,-295,-291,-197,-287,-263,-557,-446,-757,-672,-1867,-1891,-1644,-1400,-5741,-4610,-12845,-9857,-29983,-29984,-29986,-29986,-29987,-29988,-29988,-29989]} 1. e4 c5 2. Nf3 e6 3. d4 cxd4 4. Nxd4 Nc6 5. Nc3 Qc7 6. Be2 Nf6 7. O-O Be7 8. Be3 O-O 9. Kh1 d6 10. f4 Nxd4 11. Qxd4 b6 {B83: Sicilian Scheveningen: 6 Be2, lines without ...a6} 12. Rad1 Bb7 {LiveBook: 12 Games} 13. e5 $146 ({Predecessor:} 13. f5 e5 14. Qd3 Rfd8 15. Bf3 Rac8 16. Bg5 Qc4 17. Qe3 Qb4 18. Qc1 Qc5 19. a3 {0-1 (94) Sevian,S (2614)-Wang,Y (2690) chess.com INT 2018}) 13... dxe5 {The position is equal.} 14. Qxe5 Qxe5 (14... Rac8 {seems wilder.} 15. Qxc7 Rxc7 16. Bd4 Rd8 17. a3 Nd5) 15. fxe5 Nd5 16. Nxd5 Bxd5 17. Bf3 Bxf3 18. Rxf3 Rad8 19. Rff1 f6 20. exf6 gxf6 21. g4 Kf7 22. Kg2 Rh8 23. h3 h5 24. Rxd8 Bxd8 $11 {[%mdl 4096] Endgame KRB-KRB} 25. Bd4 hxg4 26. hxg4 Rh4 27. Kf3 f5 28. Rg1 Bc7 29. Bf2 ({Better is} 29. Bc3 $1 $15) 29... Rh3+ $17 30. Ke2 f4 $1 31. Rd1 Ke8 (31... Ke7 $1 $17) 32. Rd3 $11 Rh2 {Threatens to win with ...e5.} 33. Kf3 e5 {Hoping for ...e4+!} 34. Rd2 $1 b5 35. Ke4 Ba5 36. c3 b4 37. cxb4 Bxb4 38. Rc2 $2 {[#]} (38. Re2 $1 $11) 38... Be1 $1 $19 {[%mdl 512]} 39. Kf3 {[#]} (39. Bxe1 Rxc2) 39... Kd7 $1 40. b4 Bxb4 {aiming for ...Be1!} 41. Re2 Ke6 42. Bxa7 Rh3+ 43. Ke4 Ra3 44. Bf2 (44. Bb8 {was worth a try.}) 44... Bd6 45. Be1 $2 (45. Bg1 {is a better defense.}) 45... Bc5 {( -> ...f3)} 46. Bd2 (46. Bh4 $142) 46... Rxa2 47. Rh2 {intending Rh6+.} Ra4+ 48. Kd3 e4+ {[%cal Be5e4,Be4e3][%mdl 32]} 49. Kc2 e3 50. Rh6+ Kd5 51. Bc3 f3 {[%cal Bf4f3,Bf3f2][%mdl 32] Black mates.} 52. Rf6 f2 53. Kd3 Ra3 54. Rf5+ Kc6 {Precision: White = 33%, Black = 64%.} 0-1

[Event "AICF Women GM 2018"]
[Site "Mumbai"]
[Date "2018.06.17"]
[Round "8"]
[White "Divya Deshmukh"]
[Black "Vantika Agrawal"]
[Result "1-0"]
[WhiteElo "2138"]
[BlackElo "2279"]
[Annotator "TA"]
[PlyCount "36"]
[EventDate "2018.??.??"]
[EventType "tourn"]
[EventCountry "IND"]
[SourceTitle "playchess.com"]
[Source "ChessBase"]
[SourceQuality "1"]

{[%evp 1,1,17]} 1. d4 {Predecessor:} Nf6 $146 2. c4 e6 3. Nc3 Bb4 4. e3 O-O 5. Bd3 c5 6. Nge2 d5 7. cxd5 Nxd5 8. a3 Ba5 9. O-O cxd4 10. exd4 Nc6 11. Bc2 Nce7 12. Qd3 Ng6 13. Nxd5 exd5 14. Bd2 Bc7 15. Bf4 Re8 16. Bxc7 Qxc7 17. Rae1 Bd7 18. Nc3 Qd6 {1-0 (53) Carlsen,M (2843)-Caruana,F (2822) Stavanger 2018} 1-0

[Event "AICF Women GM 2018"]
[Site "Mumbai"]
[Date "2018.06.17"]
[Round "8"]
[White "Rakshitta Ravi"]
[Black "Nakhbayeva, Guliskhan"]
[Result "0-1"]
[WhiteElo "2067"]
[BlackElo "2323"]
[Annotator "TA"]
[PlyCount "126"]
[EventDate "2018.??.??"]
[EventType "tourn"]
[EventCountry "IND"]
[SourceTitle "playchess.com"]
[Source "ChessBase"]
[SourceQuality "1"]

{[%evp 16,126,29,19,47,35,37,23,32,38,41,14,15,0,-5,0,3,0,0,0,0,0,6,0,0,-5,0,-24,-20,-21,-20,-24,-15,-27,-24,-22,-14,-26,-16,-16,-8,-21,-17,-37,-30,-39,-16,-57,-72,-147,-128,-128,-135,-141,-108,-108,-110,-143,-148,-135,-138,-249,-240,-240,-237,-231,-170,-276,-276,-519,-506,-497,-474,-441,-391,-402,-371,-647,-754,-715,-699,-664,-664,-1022,-985,-1290,-1133,-1508,-1279,-1234,-1149,-2568,-2264,-1967,-2044,-1879,-1704,-1657,-1321,-4134,-2350,-29974,-29972,-29982,-29983,-29987,-29987,-29989,-29990,-29990,-29987,-29987,-29988]} 1. e4 e6 2. d4 d5 3. Nc3 Nf6 4. exd5 exd5 5. Bd3 Bb4 6. Nge2 Bg4 7. f3 {C01: French: Exchange Variation} Bh5 8. Nf4 O-O 9. O-O {LiveBook: 11 Games. White has an edge.} c6 (9... Bg6 10. Nxg6 hxg6 11. Ne2 Re8 12. Bg5 Be7 13. Ng3 Nbd7 14. f4 Nh7 15. Qf3 c6 {1-0 (42) Carlsen,M (2843)-Vallejo Pons,F (2697) Sao Paulo/Bilbao 2012}) 10. Nxh5 Nxh5 11. g4 $146 ({Predecessor:} 11. a3 Bd6 12. f4 Nf6 13. Qf3 Re8 14. Bd2 Nbd7 15. Be1 Qe7 {½-½ (40) Lomasov,S (2188)-Ponfilenok,V (2399) Kazan 2014}) 11... Nf6 $1 12. g5 Ne8 13. f4 f5 $1 14. gxf6 Nxf6 15. Qf3 c5 16. dxc5 Bxc5+ 17. Kh1 Nc6 18. Bd2 Qd7 19. Rad1 Rad8 20. Be1 Nd4 21. Qg2 Nf5 22. Bxf5 Qxf5 23. Bh4 d4 24. Bxf6 Qxf6 25. Ne4 Qf5 26. Ng3 Qd7 27. f5 Kh8 28. Rd3 Rde8 $36 {[%mdl 2048] Black fights for an advantage.} 29. Nh5 Re3 30. Ng3 Qe7 31. f6 Rxf6 32. Nf5 (32. Rxf6 $142 gxf6 33. Qd5) 32... Re1 $17 {[#] And now ...Rxf5 would win.} 33. Rdf3 Rxf1+ 34. Rxf1 Qf7 35. Ng3 Rxf1+ 36. Qxf1 Qd5+ 37. Qg2 Qxa2 38. Qxb7 (38. Qe4 $17) 38... Qb1+ $19 39. Kg2 {Intending Qc8+ and mate.} Qxc2+ 40. Kh3 {White wants to mate with Qc8+.} Qf2 {...d3 is the strong threat.} 41. Qc8+ {[#]} (41. b4 {was worth a try.} Bf8 42. Qxa7) 41... Qf8 $1 {[%cal Rf8c8]} 42. Qxf8+ $2 (42. Qc6 {is a better defense.}) 42... Bxf8 {[%mdl 4096] Endgame KB-KN} 43. Kg4 d3 44. Kf3 Bb4 45. Nf5 Bc5 46. h3 $2 (46. Ng3 g5 47. Ne4) 46... g6 47. Ng3 Kg7 48. Ne4 Bb4 49. Nf2 d2 50. Ke2 g5 51. Nd3 a5 {[%cal Ba7a5,Ba5a4][%mdl 32]} 52. Nf2 h5 53. Kf3 Kf6 54. Ke4 Ke6 55. Nd1 a4 56. Kd3 Ke5 57. Kc4 Ba5 58. Kb5 g4 {Black mates.} 59. hxg4 hxg4 60. Kxa5 g3 61. Ne3 g2 62. Nc4+ Kf4 63. Nxd2 g1=Q {Precision: White = 35%, Black = 82%.} 0-1